00443nam a2200145Ia 4500008004100000040001200041082001400053100002200067245005800089260005000147300000800197942000700205999001500212952007000227200103s9999||||xx |||||||||||||| ||und|| aIMU-MPC aColumn-50 aRobberson, Elbert 0aHow to install and repair Marine Electronic Equipment bJohn F. Rider Publisher, Inc., New Yorkc1963 a206 cBK c9781d9781 00104070910799cColumn-50d2020-01-08pLBS2624r2025-03-17yBK